<?xml version="1.0" encoding="UTF-8"?>
<record
    xmlns:xsi="http://www.w3.org/2001/XMLSchema-instance"
    xsi:schemaLocation="http://www.loc.gov/MARC21/slim http://www.loc.gov/standards/marcxml/schema/MARC21slim.xsd"
    xmlns="http://www.loc.gov/MARC21/slim">

  <leader>01033nam2a22002531  4500</leader>
  <controlfield tag="001">RU\NLR\INFOCOMM\1000076595</controlfield>
  <controlfield tag="005">20250617045044.0</controlfield>
  <datafield tag="035" ind1=" " ind2=" ">
    <subfield code="a">(NLR Aleph) 002461348</subfield>
  </datafield>
  <datafield tag="090" ind1=" " ind2=" ">
    <subfield code="a">2254953</subfield>
    <subfield code="c">2254953</subfield>
  </datafield>
  <datafield tag="100" ind1=" " ind2=" ">
    <subfield code="a">20040402d1912    |||y0rusy50      ca</subfield>
  </datafield>
  <datafield tag="101" ind1="0" ind2=" ">
    <subfield code="a">rus</subfield>
  </datafield>
  <datafield tag="102" ind1=" " ind2=" ">
    <subfield code="a">RU</subfield>
  </datafield>
  <datafield tag="105" ind1=" " ind2=" ">
    <subfield code="a">y   |||||||||</subfield>
  </datafield>
  <datafield tag="200" ind1="1" ind2=" ">
    <subfield code="a">&#x41E;&#x442;&#x447;&#x435;&#x442; &#x43F;&#x43E; &#x437;&#x435;&#x43C;&#x43B;&#x435;&#x447;&#x435;&#x440;&#x43F;&#x430;&#x43D;&#x438;&#x44E; &#x43D;&#x430; &#x440;&#x435;&#x43A;&#x435; &#x41A;&#x430;&#x43C;&#x435; &#x437;&#x430; &#x43D;&#x430;&#x432;&#x438;&#x433;&#x430;&#x446;&#x438;&#x44E; 1910 &#x433;&#x43E;&#x434;&#x430;</subfield>
    <subfield code="f">&#x41F;.&#x412;. &#x41F;&#x43E;&#x43F;&#x43E;&#x432;</subfield>
  </datafield>
  <datafield tag="210" ind1=" " ind2=" ">
    <subfield code="d">1912</subfield>
    <subfield code="a">&#x411;. &#x43C;.</subfield>
  </datafield>
  <datafield tag="461" ind1=" " ind2="0">
    <subfield code="1">001RU\NLR\INFOCOMM\1000076571</subfield>
    <subfield code="1">2001#$a&#x421;&#x431;&#x43E;&#x440;&#x43D;&#x438;&#x43A; &#x41A;&#x430;&#x437;&#x430;&#x43D;&#x441;&#x43A;&#x43E;&#x433;&#x43E; &#x43E;&#x43A;&#x440;&#x443;&#x433;&#x430; &#x43F;&#x443;&#x442;&#x435;&#x439; &#x441;&#x43E;&#x43E;&#x431;&#x449;&#x435;&#x43D;&#x438;&#x44F;$f&#x41C;&#x41F;&#x421;$v&#x412;&#x44B;&#x43F;.24</subfield>
    <subfield code="9">2254744</subfield>
    <subfield code="a">&#x41A;&#x430;&#x437;&#x430;&#x43D;&#x441;&#x43A;&#x438;&#x439; &#x43E;&#x43A;&#x440;&#x443;&#x433; &#x43F;&#x443;&#x442;&#x435;&#x439; &#x441;&#x43E;&#x43E;&#x431;&#x449;&#x435;&#x43D;&#x438;&#x44F;</subfield>
    <subfield code="c">&#x41A;&#x430;&#x437;&#x430;&#x43D;&#x44C;</subfield>
    <subfield code="d">1910-1917</subfield>
    <subfield code="f">&#x41C;&#x41F;&#x421;</subfield>
    <subfield code="t">&#x421;&#x431;&#x43E;&#x440;&#x43D;&#x438;&#x43A; &#x41A;&#x430;&#x437;&#x430;&#x43D;&#x441;&#x43A;&#x43E;&#x433;&#x43E; &#x43E;&#x43A;&#x440;&#x443;&#x433;&#x430; &#x43F;&#x443;&#x442;&#x435;&#x439; &#x441;&#x43E;&#x43E;&#x431;&#x449;&#x435;&#x43D;&#x438;&#x44F;</subfield>
    <subfield code="v">&#x412;&#x44B;&#x43F;.24</subfield>
  </datafield>
  <datafield tag="700" ind1=" " ind2="1">
    <subfield code="a">&#x41F;&#x43E;&#x43F;&#x43E;&#x432;</subfield>
    <subfield code="b">&#x41F;.&#x412;.</subfield>
    <subfield code="4">070</subfield>
  </datafield>
  <datafield tag="801" ind1=" " ind2="1">
    <subfield code="a">RU</subfield>
    <subfield code="b">InfoComm</subfield>
    <subfield code="c">20040402</subfield>
  </datafield>
  <datafield tag="801" ind1=" " ind2="0">
    <subfield code="a">RU</subfield>
    <subfield code="b">NLR</subfield>
    <subfield code="g">PSBO</subfield>
  </datafield>
  <datafield tag="852" ind1=" " ind2=" ">
    <subfield code="a">NLR</subfield>
    <subfield code="j">38.15.1.22</subfield>
  </datafield>
  <datafield tag="942" ind1=" " ind2=" ">
    <subfield code="c">ISSUE</subfield>
  </datafield>
  <datafield tag="980" ind1=" " ind2=" ">
    <subfield code="a">NB</subfield>
  </datafield>
  <datafield tag="980" ind1=" " ind2=" ">
    <subfield code="a">RUSPER</subfield>
  </datafield>
</record>
